[Event "Euwe intern 2008-2009"]
[Site "?"]
[Date "2009.03.19"]
[Round "2.10"]
[White "Witt, Rob"]
[Black "Van der Weide, Piet"]
[Result "1/2-1/2"]
[WhiteElo "2242"]
[BlackElo "2189"]
[Annotator "Rob Witt"]
[PlyCount "144"]
[EventDate "2009.??.??"]

{40/1.25} 1. d4 f5 2. Nf3 Nf6 3. g3 g6 {Piet speelt de laatste jaren het
Oud-Hollands, maar keert nu terug naar zijn oude liefde de Leningrader.} 4. Bg2
Bg7 5. O-O {Als wit het systeem met b4 wil spelen, dan is het waarschijnlijk
beter om dat nu al te doen.} (5. b4 O-O 6. Bb2 d6 7. c4 e5 8. dxe5 Ng4 9. c5
Kh8 10. cxd6 cxd6 11. Qd2 Nxe5 12. O-O $14 {Eljanov - Nijboer, Clichy 2008 (29.
1-0)}) 5... O-O 6. b4 {1.22 Een die het laatste decennium aan populariteit
gewonnen heeft. In Nederland speelt Van Wely het regelmatig. En de laatste
jaren doet hij het ook een zet eerder i. p.v. 0-0.} d6 {1.21} 7. Bb2 c6 {1.19}
8. c4 e5 {1.18 Piet speelt het rechtlijnig conform zijn stijl. De zet is
minder populair dan twee alternatieven en scoort slecht in mijn database.} (
8... Na6 9. Qb3 Kh8 10. Nbd2 Be6 11. a3 Bg8 12. Rfd1 Nc7 13. Qc2 Qe8 14. e3 h6
15. Nb3 g5 16. Na5 Rb8 17. Rac1 Bh7 18. Qe2 Ne4 19. d5 $14 e5 $2 20. dxc6 $18
b6 21. Nb7 Qxc6 22. Nxd6 Nxd6 23. Nxe5 Qe8 24. Nc6 Nf7 25. Nxb8 Qxb8 26. Rd7
Ne8 27. Rb7 Qc8 28. c5 bxc5 29. Rxc5 Qd8 30. Rxa7 f4 31. exf4 gxf4 32. Ra8 Qd7
33. Bc6 {1-0 Ivanchuk - Grabarczyk, Warsaw 2002}) (8... Kh8 9. Nbd2 Be6 10. Qc2
Nbd7 11. a4 Bg8 12. a5 a6 13. Rfe1 Rc8 14. e3 Qe8 15. Rac1 e5 16. dxe5 dxe5 17.
e4 f4 18. c5 fxg3 19. hxg3 Ng4 20. Nc4 Bxc4 21. Qxc4 g5 22. Rc2 Qh5 23. Rd2
Ndf6 24. Qe2 Rce8 25. Red1 Nxf2 26. Qxf2 Nxe4 27. Qe3 Nxd2 28. Rxd2 g4 29. Ng5
Rf5 30. Ne4 Bh6 31. Qe2 Bxd2 32. Qxd2 Ref8 33. Nd6 R5f6 (33... Rf2 $1 $17) 34.
Qe2 Re6 35. Nxb7 Kg8 36. Nd6 Rh6 37. Bxc6 Rf3 38. Bxf3 gxf3 39. Qc4+ Kf8 40.
Qh4 Qxh4 41. gxh4 Rg6+ 42. Kf1 Rg2 43. Bxe5 Ke7 44. c6 {1-0 Anand - De la Riva,
Villarrobledo 2001}) 9. dxe5 Ng4 10. Qb3 (10. c5) 10... Nxe5 {1.16} 11. c5+ {
1.13} ({In aanmerking kwam ook} 11. Nxe5 dxe5 12. c5+ Kh8 13. Rd1 Qe7 14. Rd6
$14) ({Of ook} 11. Rd1 Nxf3+ 12. Bxf3 $14) 11... Nf7 {1.15 Die had ik niet
eens gezien.} (11... Kh8 12. Nbd2 Nxf3+ 13. Nxf3 dxc5 14. Bxg7+ Kxg7 15. bxc5
Nd7 16. Rad1 Qe7 17. Rd6 Nf6 18. Nd4 Ne8 19. Nxc6 bxc6 20. Bxc6 Nxd6 21. cxd6
Qxd6 22. Bxa8 $16 {Eljanov - Eryomenko, Alushta 2002 (40.1-0)}) 12. Bxg7 {1.07}
Kxg7 13. cxd6 {Ik wilde de stelling open houden.} ({Na} 13. Rd1 d5 14. Nd4 Qf6
15. Nc3 $14 {staat zwart passief maar solide.}) 13... Qxd6 {1.11} 14. Nbd2 {
1.02 De eerste nieuwe zet.} (14. Nc3 Qf6 15. Rfd1 Be6 16. Qc2 Na6 17. Nd4 Bc4
18. Na4 b5 19. a3 f4 $6 20. Nc3 (20. gxf4 $1 Rac8 (20... Qxf4 $2 21. Qxc4 $18)
21. e3 $16) 20... Ng5 21. Nf3 (21. Bxc6 $5) 21... Nxf3+ 22. Bxf3 Rae8 23. Ne4
Qf5 24. g4 (24. Qc3+ Qe5 25. Rd7+) 24... Qe6 25. Nd6 Rd8 26. Nxc4 bxc4 27. Rac1
c5 28. Qc3+ Kf7 29. b5 Nc7 30. a4 $16 {Schandorff - Puntier, Mallorca 2004 (64.
1-0)}) 14... Na6 {1.10} 15. b5 {1.01} ({Fritz geeft de voorkeur aan} 15. Qc3+
Qf6 16. Nd4 $14) 15... cxb5 16. Qxb5 Kg8 {1.02} 17. Nc4 {54'} Qc5 {1.01} 18.
Qxc5 {Ik heb niet naar alternatieven gekeken omdat ik best het eindspel wilde
spelen.} ({Maar} 18. a4 $5 {is misschien iets beter. En misschien was het nog
beter om helemaal geen eindspel te willen spelen.}) 18... Nxc5 19. Nd4 {53'}
Rb8 {58'} (19... Rd8) 20. Rfc1 $6 {47' Niet zo'n goed veld voor deze toren.
Deze hoort op d1 en de andere op b1 of c1.} b6 {57'} 21. Bd5 $2 {40' Dit
levert niks op.} ({Veel beter was} 21. Nb5 a6 22. Nc7 Ne6 {Deze stelli ng had
ik wel gezien, maar ik zag geen vervolg. Toch had ik hiervoor moeten kiezen,
want ik sta iets beter na bijv.} 23. Ne3 {bijv.} Kg7 24. Rab1 b5 25. Bd5 $14)
21... Bb7 {55'} 22. Nc6 {39'} Bxc6 23. Bxc6 {Het staat ongeveer gelijk. Ik heb
nog even overwogen om remise aan te bieden, maar dat doen Piet en ik nooit.
Wij spelen altijd tot het bittere eind.} Rfd8 {53'} 24. Rd1 {38'} Kf8 {52'} 25.
Rac1 {36'} Ke7 26. Bd5 Kf6 27. f4 {28' Een moeilijke beslissing. Enerzijds
krijg ik eventueel veld e5 voor mijn paard, maar anderzijds verlies ik de
controle over veld e4.} Rd7 $1 {46' Een sterke zet. Ik had hier het idee dat
ik torenruil moest nastreven om met mijn loper kansen te hebben tegen de
zwarte koningsvleugel. Maar het blijkt dat de zwakte van mijn a-pion een veel
grotere rol speelt.} 28. Rd2 $6 {22'} Rbd8 {45'} 29. Rcd1 Na4 $1 {42'} 30. Bf3
{20' Ik ben inmiddels flink in tijd achterop geraakt en ik sta ook minder.}
Rxd2 31. Rxd2 Rxd2 32. Nxd2 Nc3 33. a3 Nd6 34. Kf2 Ndb5 {39'} 35. Nc4 Nd4 {
36' Tja, wat nu? Als ik mijn loper laat slaan sta ik zeker minder eneigenlijk
wilde ik mijn loper ook niet kwijt. Wie weet, komt hij in de uitvluggerfase
ooit op g8. Tenslotte besloot ik maar een pion te geven.} 36. Bb7 $2 {13'} ({
Als ik het zwarte antwoord had voorzien, had ik wel gekozen voor} 36. Ke3 {
Wit heeft toch nog wel redelijke remisekansen na bijv.} Nxf3 37. exf3 b5 38.
Nd2 Ke6 39. Kd4 Na4 40. Nf1 ({Of} 40. Nb3 Kd6 41. g4 $15) 40... Kd6 41. Ne3 Nc5
$15) 36... Nc2 $1 {34' Die had ik totaal gemist. Piet pakt de pion niet, maar
sluit mijn koning even op en gaat mijn a-pion winnen.} 37. a4 {8' Dit leek me
mijn enige kans.} Nxa4 {33'} 38. e4 Nc5 {31'} 39. e5+ Ke6 40. Bc6 {6'} Nd4 {27'
} (40... Ne4+ $5) (40... Nd3+ $5) 41. Bg2 (41. Ba8) 41... Kd7 {24'} (41... b5
$5) 42. Ke3 {5'} Nde6 43. Bd5 {4'} Kc7 {22'} 44. Nd6 {3'} Kd7 {20'} 45. h4 {1'}
a5 {Piet vond dit achteraf een rotzet, maar dat valt nog mee al waren er
ongetwijfeld betere. Hier kregen we allebei een kwartier erbij.} 46. Kd2 {15'}
Na6 $2 {29' na 6' nadenken (dat doet Piet zelden) een vreselijke blunder.} 47.
Nc4 {14'} b5 {26' Niet alleen krijg ik mijn pion terug, ik sta gelijk beter.
Misschien had Piet beter de b-pion kunnen geven.} 48. Nxa5 Nb4 49. Bb3 {
13' Ik wilde op de korte diagonaal blijven om naar g8 te kunnen loeren. Fritz
en Rybka geven de voorkeur aan allerlei velden op de lange diagonaal,
waarschijn lijk om veld c6 te bestrijken.} h6 {25'} 50. Ke3 Ke7 51. Nb7 {12'}
Na6 {24'} 52. Nd6 b4 53. h5 $1 {11'} gxh5 {23'} 54. Nxf5+ Kd7 55. Ba4+ {10'} (
55. Kd3 $1 Nec5+ 56. Kc4) 55... Kc7 56. Nxh6 {9' Waarschijnlijk tijdverlies.
Beter was} (56. Bd1 {een zet die sowieso moet.}) 56... Nac5 57. Bd1 b3 58. Nf5
{De zet van Fritz.} (58. f5 $5 {De zet van Rybka.}) ({Ik had nog gezien dat} 
58. Bxh5 {misschien link was wegens} Ne4 $1 {en zwart krijgt pion g3.}) 58...
b2 59. Bc2 Na4 60. Nd4 {8'} (60. Kd3 $5) 60... Nec5 {22'} 61. Kd2 Kd7 {20'} 62.
Bf5+ Ke7 63. Kc2 {Wit moet hier gewonnen staan. Ik heb alleen weinig tijd.} Nd7
$2 {19'} (63... Kf7) 64. Nb3 $2 {7'} ({Ik had hier kunnen winnen met} 64. Nc6+
Ke8 65. Bg6+ Kf8 66. e6 {hier winnen enkele andere zetten ook.} (66. Bxh5) (66.
f5) 66... Nf6 67. e7+ Kg7 68. e8=Q Nxe8 69. Bxe8 Nc3 70. Kxb2 Ne4 71. Bxh5 Nxg3
72. Bg4 $18 {Misschien draait dit uit op mat zetten met loper en paard in een
paar minuten en dat heb ik al 40 jaar niet meer gedaan.}) 64... Ndb6 65. Nd2
Nd5 66. Nc4 $2 ({Betere winstkansen bood} 66. Kb3 Nac3 67. Bd3 {al is het toch
nog lastig na} Nd1 {De tijd ontbreekt me om dit uit te zoeken.}) 66... b1=Q+ {
17' Waarschijnlijk goed genoeg.} ({Fritz komt met} 66... Nab6 $1 67. Nd6 (67.
Nxb6 $2 Ne3+ 68. Kxb2 Nxf5 $11) 67... Ne3+ ({Of} 67... h4 $5) 68. Kb1 (68. Kxb2
Nbc4+ 69. Nxc4 Nxf5 $11 {bijv.} 70. Kc2 Nxg3 71. Kd3 h4 72. Nd2 h3 73. Nf3 Nf1)
68... Nbc4 69. Bg6 Nxd6 70. exd6+ Kxd6 71. Bxh5 Nf1 72. g4 Ng3 73. Bg6 Ne2 74.
f5 Ke5 $11) 67. Kxb1 Nac3+ 68. Kc2 {6'} Ne2 69. Be4 Nc7 70. Ne3 $6 ({Zwart
heeft het lastiger na} 70. f5 Nxg3 71. Kd3 h4 72. Nd2 (72. f6+ {lijkt me ook
remise.}) 72... h3 73. Nf3 {Al zal het ook remise zijn na bijv.} Nf1 74. f6+
Kf8 $1 75. Ng5 h2 {enz.}) 70... Nxg3 71. Nf5+ $2 {Nu is het meteen remise.} ({
Ik had nog wat kunnen proberen met} 71. Kd3 Ne6 72. Nd5+ Kf7 73. Bg2 {al zal
het remise zijn.}) 71... Nxf5 72. Bxf5 Nd5 {Met remise aanbod. Koploper
Henk-Jan Visser verloor deze avond van Gertjan vd Hoeven, zodat Piet en ik als
nrs. 2 en 3 ietsje dichterbij gekomen zijn.} 1/2-1/2

[Event "HWP Sas van Gent-Euwe 8-2"]
[Site "?"]
[Date "2009.03.28"]
[Round "7"]
[White "Witt, Rob"]
[Black "Leenhouts, Koen"]
[Result "0-1"]
[WhiteElo "2242"]
[BlackElo "2396"]
[Annotator "Rob Witt"]
[PlyCount "112"]
[EventDate "2009.??.??"]

{De verre uitwedstrijd naar Sluiskil bij Sas van Gent werd door zes teamleden
gecombineerd met een gezellig uitstapje naar Gent. We waren vrijdag al
vertrokken en genoten van de stad, het eten en het bier. Marc Overeem was
donderdag al naar Brugge vertrokken en Gunther, Piet en Saïd waren die
zaterdag op en neer gegaan. Van enige schaaktechnische voorbereiding kon geen
sprake zijn. Zelf had ik daar geen last van, want ik kwam in een KID terecht
waarmee ik veel (vlugger) ervaring heb.} 1. Nf3 Nf6 {1.49 Terwijl ik op mijn
tegenstander zat te wachten, fluisterde een oude vriend, Bernard de Bruycker,
mij toe dat hij graag tegen mij zou willen spelen, maar het mocht niet. Ik ken
hem nog uit diverse open toernooien in Spanje in de jaren 70 en ook daarna heb
ik hem nog diverse keren ontmoet.} 2. c4 g6 3. Nc3 Bg7 4. e4 d6 5. d4 O-O 6.
Be2 e5 7. O-O Nc6 8. d5 Ne7 9. Ne1 Nd7 10. Be3 f5 11. f3 f4 12. Bf2 g5 {
De uitgangsstelling van een van de ingewikkelste varianten van de KID, de Mar
del Platavariant.} 13. a4 {1.51} (13. Rc1 {is een belangrijk alternatief dat
ik ook vaak speel. Ik besloot er deze keer vanaf te zien, omdat Alje dat ook
speelt en mijn tegenstander het mogelijk had voorbereid. Mijn tegenstander
bevestigde dat hij gezien had dat Alje en ik dit speelden.}) 13... a5 {1.47
Dit wordt tegenwoordig als het beste antwoord beschouwd.} 14. Nd3 b6 15. Be1 {
Mijn tegenstander zei achteraf dat hij dit het lastigste systeem vindt voor
zwart. Wit organiseert eerst zijn verdediging op de koningsvleugel voordat hij
tot aktie overgaat op de damevleugel.} (15. b4 {wordt ook veel gespeeld.})
15... h5 {1.41} 16. Nf2 Nf6 17. h3 {1.49} Kh8 {1.39 Ontruimt veld g8 voor de
manoeuvre Pe7-g8-h6 om g5-g4 door te zetten.} 18. Nb5 Neg8 19. b4 Nh6 {1.35 In
onderstaande partijen zien we twee specialisten met wit en twee specialisten
met zwart aan het werk.} (19... Rf7 20. c5 bxc5 21. bxc5 Bf8 22. cxd6 cxd6 23.
Rc1 Nh6 24. Qc2 Ne8 25. Qb3 Rg7 26. Bd2 {N} (26. Rc6 Bd7 27. Bd2 Bxc6 28. dxc6
Qb6 29. Rc1 g4 30. fxg4 Be7 31. Qe6 Nf6 32. c7 Kh7 33. g5 Rxg5 34. Qxe7+ Kg6
35. Qxd6 Qb7 36. Rc6 Nhg8 37. Bc4 Kh7 38. Bxg8+ Nxg8 39. Qd7+ Rg7 40. Qf5+ Kh8
41. Qxh5+ {1-0 Nielsen - Golubev, playchess.com 2004}) 26... Nf6 27. Qc4 g4 28.
Nc7 Ra7 29. Ne6 Bxe6 30. dxe6 gxh3 31. Nxh3 Nh7 32. Kh2 {Laat een
remisecombinatie toe.} (32. Kh1 $5) 32... Qh4 33. Be1 Rxg2+ 34. Kxg2 Rg7+ 35.
Kh2 Rg3 36. Bxg3 Qxg3+ 37. Kh1 Qxh3+ 38. Kg1 Qg3+ {1/2-1/2 Ikonnikov - Nijboer,
Leeuwarden Waling Dijkstra Open 2007}) (19... axb4 $6 20. Bxb4 {gevolgd door
a5 is heel goed voor wit.}) 20. bxa5 {1.43} bxa5 21. Bc3 {Een nieuwe zet
volgens mijn tegenstander. Mij kwam het wel vaag bekend voor, waarschijnlijk
omdat ik het in vluggertjes met Han Mawira op het bord heb gehad.} (21. c5 {
met overgang naar de varianten met 19...Tf7. Tijdens de partij dacht ik dat
zwart Tg8 zou antwoorden.}) 21... Rg8 {1.25} 22. Qe1 {1.31 Moeilijk te zeggen
of dit beter is dan Dd2. De laatste verdedigt de 2e rij als zwart g4 doorzet
en wit alles op g4 ruilt, de tekstzet houdt een oogje op veld h4. Rybka heeft
een lichte voorkeur voor De1 en Fritz voor Dd2. Maar aan computers heb je
weinig in deze variant. Ze geven wit altijd een plusje, zelfs in stellingen
die wit geforceerd verliest.} (22. Qd2 $5) 22... g4 {1.13 Scherp gespeeld.} ({
Ik verwachtte eerder} 22... Bf8 23. Bxa5 Rg7 {Een mogelijk vervolg is dan} 24.
c5 g4 25. hxg4 hxg4 26. fxg4 ({Interessant is ook} 26. cxd6 {en nu misschien}
g3 $5 $13) 26... Nfxg4 27. Bxc7 Rxc7 28. Nxc7 Qxc7 29. Bxg4 Nxg4 30. Nxg4 {
Hier zien we het nut van De1.} Qxc5+ 31. Nf2 (31. Kh1 Be7 32. Nh2 $14) 31...
Ba6 32. Qc1 {met een plusje voor wit.}) 23. Bxa5 {1.17'} g3 {54' Opnieuw
scherp gespeeld. Mijn tegenstander dacht tijdens de partij dat dit goed voor
zwart was, maar achteraf had hij zijn twijfels.} (23... Ne8) (23... Rxa5) (
23... Qe7) 24. Bxc7 $1 {1.15' Dit had ik eerder al bedacht, toen ik tot De1
besloot. Het leek me goed voor wit. Ik krijg 4 pionnen voor het stuk en het
leek me dat ik de zwarte aanval wel kon opvangen.} ({Het valt niet uit te
rekenen achter het bord, maar ik had het gevoel dat ik weggeofferd zou worden
na} 24. Nd3 {Nadere analyses moeten uitwijzen of dat ook zo is.} Ne8 {En hier
zien we het nut van 22.Dd2 i.p.v. 22.De1} 25. Qd2 ({De computers gaan vrolijk
verder met} 25. c5 {Dat zou ik nooit durven, maar misschien kan het. Bijv.} Qh4
26. Bd1 Ng4 27. fxg4 hxg4 28. Bxc7 gxh3 29. Ra2 hxg2 30. Rxg2 Bh3 31. Qd2 Nxc7
32. Nxc7 Rab8 33. cxd6 {Rybka} (33. Bf3 $13 {Fritz}) 33... f3 $1 34. Rxf3 Bh6
$13) 25... Qh4 26. Bd1 Bxh3 27. gxh3 Qxh3 $13 {Wit heeft geen tijd om zijn
loper op a5 weg te spelen omdat zwart g2 dreigt.}) 24... gxf2+ 25. Qxf2 Qd7 {
51'} 26. Bxd6 {1.11} Ne8 {47' Zwart wil Lg7-f6-h4 in de stelling brengen.} (
26... Nf7 $5 {was een intere ssant en misschien beter alternatief. Bijv. de
volgende computervariant.} 27. Bb4 Ng5 28. Qh4 Bh6 29. Kh1 Qg7 30. Rg1 Ngxe4
31. fxe4 Bg5 32. Qe1 Nxe4 33. Ra3 Qf6 34. Bxh5 (34. Bd1 $5) 34... Bf5 35. Bc3
Bh4 36. Bxe5 Bxe1 37. Bxf6+ Nxf6 38. Rxe1 Nxh5 {en na al deze waanzin heeft
wit nog steeds 4 pionnen voor zijn stuk en lijkt beter te staan.}) 27. c5 $2 {
1.00 Dit geeft het voordeel weg.} ({Mijn oorspronkelijke gedachte was het voor
de hand liggende} 27. Bb4 {en dat had ik ook moeten spelen. Ik heb
waarschijnlijk spoken gezien die er niet waren.} Bf6 28. Kh1 Rg3 29. Rfd1 {
Is dit het beste veld?} Qg7 30. Bf1 Bh4 {leek me tijdens de partij doodeng,
maar het lijkt allemaal mee te vallen na} 31. Qb2 Bxh3 32. Be1 {en ik zie niet
hoe zwart zijn aanval kan versterken, terwijl klaar staat om met zijn d- en
c-pion naar voren te gaan.}) 27... Bf6 {45'} 28. Kh2 $6 {48'} (28. Kh1 Qd8 29.
Rfc1 Nf7 30. Bd3 Nexd6 31. cxd6 Nxd6 32. Nxd6 Qxd6 33. a5 $13) 28... Nf7 {41'}
({Beter was volgens de computers} 28... Qd8 $13) 29. Rfc1 {44'} ({De computers
geven wit een plusje na} 29. c6 $1 Qd8 30. c7 Qd7 31. Bc5 Nxc7 32. Rfc1 $14 {
een speelwijze die ik niet begrijp en ook niet overwogen heb.}) 29... Rg3 $6 {
34'} (29... Qd8 $13) 30. c6 $1 {40'} Qd8 {31'} (30... Rxh3+ 31. Kg1 $1 (31.
gxh3 Qxh3+ 32. Kg1 Nexd6 33. Qh2 $14) 31... Qd8 32. c7 Qd7 33. gxh3 Nexd6 34.
Nxd6 Nxd6 35. a5 {leek me zeer goed voor wit, al is het niet helemaal
duidelijk.}) 31. Bb4 Bh4 {23'} 32. Qc5 {ondersteunt d6 en loert naar f8.
Ongeveer hier had ik het gevoel dat ik ging winnen, mede omdat mijn
tegenstander een beetje begon te zuchten.} Rg8 {21'} 33. Bf1 $2 {37' Deze
normaal ogende zet blijkt achteraf onnauwkeurig te zijn. Maar dat was hier
moeilijk te zien.} ({Beter was} 33. Kh1 Qg5 34. Rg1 {en wit staat op winst.})
33... Qg5 {19'} ({Zelfs direct} 33... Bxh3 $1 {blijkt hier mogelijk te zijn.
Zie verderop.}) 34. Kh1 {33'} Qg7 $2 {7'} ({Ik verwachtte hier} 34... Bxh3 $5 {
wat me ook zijn beste kans leek. Wik kan het offer niet aannemen op straffe
van remise door herhaling van zetten.} 35. Rc2 $1 {De enige zet om op winst te
spelen, maar ik neem niet aan dat mijn tegenstander het offer naliet vanwege
deze zet. Of misschien ook wel. Er was geen tijd meer om te analyseren. Gezien
zijn tijdverbruik moet hij er wel over nagedacht hebben.} (35. gxh3 Qg3 36. Rc2
({Vooral niet} 36. Ra3 $2 {wegens} Be7 $1) (36. Ra2 Qxf3+ (36... Be7 37. d6
Nexd6 38. Qf2 $1) 37. Bg2 Rxg2 38. Rxg2 Qxh3+ 39. Kg1 (39. Rh2 Qf3+ 40. Rg2 $11
) 39... Nf6 40. c7 Rc8 $17 41. Qc6 (41. Qc2 $2 f3 42. Rh2 f2+ {met winst.})
41... f3 42. Rcc2 fxg2 43. Rxg2 Nxe4 44. Qg6 Qe3+ 45. Kh1 Nf2+ 46. Rxf2 Qxf2 {
met winst.}) 36... Qxf3+ 37. Bg2 Rxg2 38. Rxg2 Qxh3+ 39. Rh2 (39. Kg1 $2 Nf6
40. Qe7 f3 41. Raa2 Nxe4 42. Qxf7 Ng3 43. Rxg3 Qxg3+ 44. Kh1 Qh3+ 45. Kg1 Rg8+
46. Qxg8+ Kxg8 $19) 39... Qf3+ 40. Rg2 $11) 35... Bc8 36. Kg1 Bg3 37. Bc4 Qh4
38. Bc3 {en ik weet niet wat zwart nu moet spelen. Wit gaat in ieder geval
niet mat en moet dus beter staan met zijn vrijpionnen.}) 35. Ra2 {27'} Bf6 {4'}
(35... Bxh3 36. gxh3 Be7 37. d6 Nexd6 38. Rg2 $18) 36. Qf2 {25' Safety first.
Ik had ook een van mijn pionnen kunnen opspelen.} Ba6 {3'} 37. Rd2 {22'} (37.
c7 $5) 37... Bc8 {2'} 38. Ra1 {19' Beetje krenterige zet maar verpest niets.} (
38. d6 $5 $18) 38... Nd8 {1'} 39. Bc4 {17'} Qf7 {0.30"} 40. Qc5 {15'} Kh7 {
Zwart had nog 6". Wit staat gewonnen. Ik wilde een rookpauze inlassen, maar ik
dacht bewust een minuut of 6 na, want ik ken het gevaar van de snelle 41e zet.
Ik wilde het liefst een van mijn pionnen opschuiven, maar wist niet zeker
welke. Tenslotte besloot ik tot een neutrale zet om vervolgens naar buiten te
rennen en daarna nog eens rustig de stelling te bestuderen.} 41. Qf2 $2 {1.09}
Nxc6 {57' Bij terugkomst was mijn mooie pion op c6 verdwenen. Verschrikkelijk,
alles is voor niets geweest, schoot door mij heen.} 42. Bc3 {1.01} Rg3 $6 {
52' Zal niet de beste zijn.} 43. Bf1 $6 {59' Ik zat zo te balen, dat ik niet
meer helder kon analyseren. Ik zie nu dat ik ook nu nog helemaal niet slechter
sta. Tijdens de partij drong dat totaal niet tot me door.} Nb8 {41'} 44. a5 {
58'} Nd7 {39'} 45. Na7 {56' Beetje eigenaardige zet. Ik wilde graag die loper
op c8 hebben om van dat gedonder op h3 af te zijn. Tot mijn verbazing staat
mijn zet bij Fritz bovenaan het lijstje, Rybka noemt hem niet en komt met het
gezonde Tc1.} Bh4 46. Qg1 Be7 {35' Een mooie manoeuvre, dacht ik tijdens de
partij. Wat moet ik godsnaam doen tegen Lc5? Gelukkig zag ik nog wat.} 47. d6
$6 {52'} ({Tot mijn verbazing zie ik nu dat zowel Frotz als Rybka komen met} 
47. Nc6 Bc5 48. Qh2 {en ze vinden deze stelling nog beter voor wit ook! Zelf
had ik deze stelling natuurlijk ook gezien, maar niet serieus genomen. Mijn
teamgenoten zouden me met hoon overladen hebben. Wat doet die dame op h2? Bij
nader inzien kan wit voorlopig allerlei nuttige dingen doen zonder zijn dame.
Pion e5 is zwak en de witte a-pion is sterk. Bovendien werken de zwarte
stukken niet goed samen. Ter illustratie een variant:} Ba6 49. Bxa6 Rxa6 50.
Rc2 Qf6 51. Rac1 Be3 52. Bd2 Bxd2 53. Rxd2 Qd6 54. Qg1 {En de dame komt weer
uit zijn schuilplaats en wit staat niet minder.}) 47... Bxd6 {32' Nu kan ik in
ieder geval Lc5 met Txd7 beantwoorden.} 48. Bb5 $6 {48' Dit heeft niet zoveel
zin.} ({Ik keek ook naar} 48. Rad1 Qe6 49. Nb5) ({Maar het beste was
waarschijnlijk} 48. Rc1 {Zo duidelijk is het allemaal niet.}) 48... Ndf6 {26'}
49. Nxc8 {46'} Rxc8 50. Bb2 $2 {44' Het gaat van kwaad tot erger.} ({Een
aardige variant, maar goed voor zwart is} 50. a6 Rxc3 51. Bxe8 Nxe8 52. a7 Bc5
53. Qd1 Qxa7 54. Rxa7+ Bxa7 $17) ({Relatief het beste was} 50. Rc2 $15 {
en wit doet nog mee dankzij de a-pion. Ik had echter geen energie meer.}) 50...
Bb4 {23'} 51. Rdd1 $2 {41' Als ik de kracht van het zwarte antwoord had
voorzien, was ik wel o de 2e rij gebleven.} Rc2 $1 $19 52. Bxe5 {40'} Qe6 {20'}
53. Bxf4 {39'} Rxh3+ 54. Bh2 Bc5 {17'} 55. Qf1 Qe5 {15'} 56. f4 {38'} Ng4 {
14' En ik gaf op, ongeveer in dezelfde seconde als Juan naast mij, die ook
gewonnen had gestaan. De 8-2 nederlaag was zwaar geflatteerd, zoals ook op de
site van de tegenstander te lezen valt. Wel opmerkelijk dat de zesGent-gangers
0-6 gescoord hebben!} 0-1